<?xml version="1.0" encoding="UTF-8"?>
<record
    xmlns:xsi="http://www.w3.org/2001/XMLSchema-instance"
    xsi:schemaLocation="http://www.loc.gov/MARC21/slim http://www.loc.gov/standards/marcxml/schema/MARC21slim.xsd"
    xmlns="http://www.loc.gov/MARC21/slim">

  <leader>00325nam a22001217a 4500</leader>
  <datafield tag="040" ind1=" " ind2=" ">
    <subfield code="c">SK</subfield>
  </datafield>
  <datafield tag="082" ind1=" " ind2=" ">
    <subfield code="a">631</subfield>
  </datafield>
  <datafield tag="100" ind1=" " ind2=" ">
    <subfield code="a">&#x178F;&#x17D2;&#x179A;&#x17B6;&#x1793;&#x17CB; &#x1790;&#x17B6;&#x1793;&#x17CB;&#x1780;&#x17B6;&#x1789;&#x17CB;</subfield>
  </datafield>
  <datafield tag="245" ind1=" " ind2=" ">
    <subfield code="a">Pedologie generale; &#x1792;&#x179A;&#x178E;&#x17B7;&#x179C;&#x17B7;&#x1791;&#x17D2;&#x1799;&#x17B6;&#x1791;&#x17BC;&#x1791;&#x17C5;</subfield>
  </datafield>
  <datafield tag="260" ind1=" " ind2=" ">
    <subfield code="a">Phnom Penh</subfield>
    <subfield code="b">&#x178F;&#x17D2;&#x179A;&#x17B6;&#x1793;&#x17CB;</subfield>
    <subfield code="c">1992</subfield>
  </datafield>
  <datafield tag="300" ind1=" " ind2=" ">
    <subfield code="a">145p.</subfield>
  </datafield>
  <datafield tag="942" ind1=" " ind2=" ">
    <subfield code="c">KB</subfield>
  </datafield>
  <datafield tag="999" ind1=" " ind2=" ">
    <subfield code="c">9537</subfield>
    <subfield code="d">9537</subfield>
  </datafield>
  <datafield tag="952" ind1=" " ind2=" ">
    <subfield code="0">0</subfield>
    <subfield code="1">0</subfield>
    <subfield code="4">0</subfield>
    <subfield code="6">631_000000000000000_&#x178F;&#x179A;&#x17B6;&#x1793;_1992_C261</subfield>
    <subfield code="7">0</subfield>
    <subfield code="9">51545</subfield>
    <subfield code="a">LBC</subfield>
    <subfield code="b">LBC</subfield>
    <subfield code="c">C261</subfield>
    <subfield code="d">2016-09-03</subfield>
    <subfield code="o">631 &#x178F;&#x17D2;&#x179A;&#x17B6;&#x1793;&#x17CB; 1992 C261</subfield>
    <subfield code="p">A01194</subfield>
    <subfield code="r">2016-09-03</subfield>
    <subfield code="y">KB</subfield>
  </datafield>
  <datafield tag="952" ind1=" " ind2=" ">
    <subfield code="0">0</subfield>
    <subfield code="1">0</subfield>
    <subfield code="4">0</subfield>
    <subfield code="6">631_000000000000000_&#x178F;&#x179A;&#x17B6;&#x1793;_1992_C261</subfield>
    <subfield code="7">0</subfield>
    <subfield code="9">51546</subfield>
    <subfield code="a">LBC</subfield>
    <subfield code="b">LBC</subfield>
    <subfield code="c">C261</subfield>
    <subfield code="d">2016-09-03</subfield>
    <subfield code="o">631 &#x178F;&#x17D2;&#x179A;&#x17B6;&#x1793;&#x17CB; 1992 C261</subfield>
    <subfield code="p">A00006</subfield>
    <subfield code="r">2016-09-03</subfield>
    <subfield code="y">KB</subfield>
  </datafield>
  <datafield tag="952" ind1=" " ind2=" ">
    <subfield code="0">0</subfield>
    <subfield code="1">0</subfield>
    <subfield code="4">0</subfield>
    <subfield code="6">631_&#x178F;&#x179A;&#x17B6;&#x1793;_1992_000000000000000_C167</subfield>
    <subfield code="7">0</subfield>
    <subfield code="9">52974</subfield>
    <subfield code="a">LBC</subfield>
    <subfield code="b">LBC</subfield>
    <subfield code="c">C167</subfield>
    <subfield code="d">2016-10-10</subfield>
    <subfield code="o">631&#x200B; &#x178F;&#x17D2;&#x179A;&#x17B6;&#x1793;&#x200B; 1992 C167</subfield>
    <subfield code="p">RUA046912</subfield>
    <subfield code="r">2016-10-10</subfield>
    <subfield code="w">2016-10-10</subfield>
    <subfield code="y">KB</subfield>
  </datafield>
</record>
